Вып. 37 : [Основные исторические события 1979 г.]; Из истории авиации и космонавтики

Бібліографічні деталі
Parent link:Из истории авиации и космонавтики: [сборник]/ Академия наук СССР (АН СССР) ; Советское национальное объединение историков естествознания и техники. Вып. 37 : [Основные исторические события 1979 г.].— , 1964-1984
Інші автори: Бирюков Ю. В. (редактор)
Мова:Російська
Опубліковано: 1979
Предмети:
Формат: Книга
KOHA link:https://koha.lib.tpu.ru/cgi-bin/koha/opac-detail.pl?biblionumber=330089

MARC

LEADER 00000nam2a2200000 4500
001 330089
005 20231102004227.0
035 |a (RuTPU)RU\TPU\book\355862 
035 |a RU\TPU\book\355861 
090 |a 330089 
100 |a 20170328d1979 k y0rusy5003 ca 
101 0 |a rus 
102 |a RU 
105 |a y z 001zd 
200 0 |a Вып. 37 : [Основные исторические события 1979 г.]  |f под ред. Ю. В. Бирюкова 
210 |d 1979 
215 |a 156 с. 
320 |a Библиогр. в конце ст. 
461 1 |0 (RuTPU)RU\TPU\book\230046  |t Из истории авиации и космонавтики  |o [сборник]  |f Академия наук СССР (АН СССР) ; Советское национальное объединение историков естествознания и техники  |v Вып. 37 : [Основные исторические события 1979 г.]  |d 1964-1984 
600 1 |a Чкалов  |b В. П.  |c российский летчик-испытатель, комбриг  |c Герой Советского Союза  |f 1904-1938  |g Валерий Павлович  |2 stltpush  |3 (RuTPU)RU\TPU\pers\20358  |9 8141 
600 1 |a Болховитинов  |b В. Ф.  |c авиаконструктор  |f 1899-1970  |g Владимир Федорович  |2 stltpush  |3 (RuTPU)RU\TPU\pers\20973  |9 8648 
600 1 |a Бармин  |g Владимир Павлович  |b В. П.  |c специалист в области космической техники  |f 1909-1993  |c академик РАН, Герой Социалистического Труда  |2 stltpush  |3 (RuTPU)RU\TPU\pers\1441 
606 1 |a Авиация СССР  |x История  |2 stltpush  |3 (RuTPU)RU\TPU\subj\525  |9 29424 
606 1 |a Космонавтика  |x История  |2 stltpush  |3 (RuTPU)RU\TPU\subj\15891  |9 42094 
610 1 |a техника 
610 1 |a летательные аппараты 
610 1 |a юбилейные даты 
610 1 |a изобретения 
610 1 |a персоналии 
610 1 |a сверхзвуковые самолеты 
610 1 |a перелеты 
610 1 |a события 
675 |a 629.73(09)  |z rus  |v 4 
675 |a 629.78(09)  |z rus  |v 4 
702 1 |a Бирюков  |b Ю. В.  |4 340 
801 0 |a RU  |b RuMRKP  |c 19950704  |g psbo 
801 1 |a RU  |b 63413507  |c 20150710 
801 2 |a RU  |b 63413507  |c 20170815  |g RCR 
942 |c BK